000 00912nam a2200253Ia 4500
008 191130s1992##################000#0#eng##
020 _a0691073953 (v. 1 : alk. paper)
022 _a91004093
040 _aACL
_cACL
082 _a201 HON
100 _aKierkegaard, Søren
245 _aConcluding unscientific postscript to philosophical fragments
_cby Søren Kierkegaard ; edited and translated with introduction and notes by Howard V. Hong and Edna H. Hong
260 _aPrinceton
_bPrinceton University Press
_c1992
300 _a2 v. ; 22 cm
500 _aTranslation of: Afsluttende uvidenskabelig efterskrift. Includes bibliographical references
650 _aApologetics
650 _aChristianity - Philosophy
700 _aHong, Edna H
700 _aHong, Howard V
700 _aKierkegaard, Søren
990 _afe942b73ac10000c24fb6e39d3deb018
991 _a74111
999 _c252837
_d252837